KOHA-Header-6

The Spectrum of Pakistan Affairs (Record no. 14010)

000 -LEADER
fixed length control field 00285nam a22001217a 4500
020 ## - INTERNATIONAL STANDARD BOOK NUMBER
ISBN 9789695540770
082 ## - DEWEY DECIMAL CLASSIFICATION NUMBER
Classification number 954.91
100 ## - MAIN ENTRY--AUTHOR NAME
Personal name Muttahir Ahmed Khan
245 ## - TITLE STATEMENT
Title The Spectrum of Pakistan Affairs
260 ## - PUBLICATION, DISTRIBUTION, ETC. (IMPRINT)
Place of publication Lahore
Name of publisher Mavra Publishers
Year of publication 2016
300 ## - PHYSICAL DESCRIPTION
Number of Pages 256 pages
942 ## - ADDED ENTRY ELEMENTS (KOHA)
Koha item type Books
Holdings
Withdrawn status Lost status Collection code Permanent Location Current Location Shelving location Date acquired Full call number Accession Number Koha item type
    Pakistan Studies / History MAJU MAJU Shelf No.A30 2025-06-03 954.91 7915 Books

Powered by Koha